Statistics for Color the US Map with 4 Colors Puzzle

Click here to take the quiz!

General Stats

  • This quiz has been taken 316 times
    (307 since last reset)
  • The average score is 19 of 52

Answers on the Map

Answers color-coded by a green-red scale on the quiz's map according to % correct below.
 

Answer Stats

Answer% Correct
Green
53%
Green
52%
Green
48%
Orange
48%
Blue
45%
Red
45%
Green
44%
Orange
44%
Red
44%
Blue
42%
Blue
42%
Green
42%
Green
42%
Orange
42%
Blue
41%
Blue
41%
Orange
41%
Red
41%
Red
41%
Green
39%
Green
39%
Orange
39%
Blue
38%
Red
38%
Red
38%
Red
38%
Blue
36%
Blue
36%
Blue
36%
Green
36%
Green
36%
Orange
36%
Orange
36%
Red
36%
Green
34%
Orange
34%
Orange
34%
Orange
34%
Red
34%
Red
34%
Green
33%
Orange
33%
Orange
33%
Orange
33%
Green
31%
Green
31%
Red
31%
Red
31%
Red
25%
Blue
20%
Orange
20%
Green
17%

Score Distribution

Percentile by Number Answered

Percent of People with Each Score

Your Score History

You have not taken this quiz since the last reset